| 000 | 00000nam##2200000za#4500 |
| 001 | 9.572009 |
| 003 | CaOODSP |
| 005 | 20220111083039 |
| 007 | cr ||||||||||| |
| 008 | 150406|1988||||xxc|||||o f|0| 0 eng|d |
| 022 | |a1928-6414 |
| 040 | |aCaOODSP|beng |
| 043 | |an-cn--- |
| 086 | 1 |aNE22-1/1988-4E-PDF |
| 110 | 1 |aCanada. |bNational Energy Board. |
| 245 | 10|aReasons for decision in the matter of Pan-Alberta Gas Ltd. : |h[electronic resource]|bapplication pursuant to Section 17 of the National Energy Board Act for a change, alteration or variation to natural gas export licence GL-96 |
| 246 | 1 |iVariant title : |aPan-Alberta Gas Ltd. |
| 260 | |aOttawa - Ontario : |bNational Energy Board |cJune 1988. |
| 300 | |a20p.|btables |
| 490 | 1 |aReasons for decision|x1928-6414|vGH-1-88 |
| 500 | |aThe catalogue number (NE22-1/1988-4E) and ISBN (0-662-16271-4) for the print edition have been incorrectly copied in this electronic publication. |
| 590 | |a12-09-Supp|b2012-03-21 |
| 775 | 08|tMotifs de décision relativement à Pan-Alberta Gas Ltd. : |w(CaOODSP)9.602426 |
| 830 | #0|aReasons for decision (Canada. National Energy Board)|x1928-6414|vGH-1-88|w(CaOODSP)9.504480 |
| 856 | 40|ahttp://publications.gc.ca|qPDF|s77 KB|uhttps://publications.gc.ca/collections/collection_2011/one-neb/NE22-1-1988-04-eng.pdf|yGH-1-88 |